El padre Juan / (Record no. 12078)
[ view plain ]
| 000 -LEADER | |
|---|---|
| campo de control de longitud fija | 00808nam a2200217 i 4500 |
| 001 - NÚMERO DE CONTROL | |
| campo de control | 12078 |
| 003 - IDENTIFICADOR DE NÚMERO DE CONTROL | |
| campo de control | ES-MaACL |
| 005 - FECHA Y HORA DE LA ÚLTIMA TRANSACCIÓN | |
| campo de control | 20250730063044.0 |
| 007 - CAMPO FIJO DE DESCRIPCIÓN FÍSICA--INFORMACIÓN GENERAL | |
| campo de control de longitud fija | t| |
| 008 - DATOS DE LONGITUD FIJA--INFORMACIÓN GENERAL | |
| campo de control de longitud fija | 970407s1985 sp |||| | spa d |
| 080 ## - NÚMERO DE LA CLASIFICACIÓN DECIMAL UNIVERSAL | |
| Número de la Clasificación Decimal Universal | 821.134.2-23"18" |
| 100 1# - ENTRADA PRINCIPAL--NOMBRE DE PERSONA | |
| Nombre de persona | Acuña, Rosario de, |
| Fechas asociadas al nombre | 1851-1923 |
| 9 (RLIN) | 18341 |
| 245 13 - MENCIÓN DEL TÍTULO | |
| Título | El padre Juan / |
| Mención de responsabilidad, etc. | Rosario de Acuña ; introducción y notas biográficas, [José Bolado]. |
| 260 ## - PUBLICACIÓN, DISTRIBUCIÓN, ETC. | |
| Lugar de publicación, distribución, etc. | Gijón : |
| Nombre del editor, distribuidor, etc. | Ateneo-Casino Obrero de Gijón, |
| Fecha de publicación, distribución, etc. | 1985. |
| 300 ## - DESCRIPCIÓN FÍSICA | |
| Extensión | XXXIX, 89 p. ; |
| Dimensiones | 18 cm. |
| 534 ## - NOTA SOBRE LA VERSIÓN ORIGINAL | |
| Frase introductoria | Reprod. facsímil de la 2ª ed. corr. y aum.: |
| Publicación, distribución, etc. del original | Madrid : R. Velasco, 1891. |
| 700 1# - ENTRADA AGREGADA--NOMBRE PERSONAL | |
| Nombre de persona | Bolado, José. |
| 9 (RLIN) | 29935 |
| 710 2# - ENTRADA AGREGADA--NOMBRE DE ENTIDAD CORPORATIVA | |
| Nombre de entidad corporativa o nombre de jurisdicción como elemento de entrada | Ateneo Obrero de Gijón. |
| 9 (RLIN) | 2052 |
| 852 4# - LOCALIZACIÓN | |
| Ubicación | ES-MaACL |
| Número de control de estantería | L-19379 |
| Nota libre | - Ejemp. numerado (28) y sellado en el Ateneo Obrero de Gijón |
| Estatus retirado | Estado de pérdida | Estado de daño | No para préstamo | Biblioteca de origen | Biblioteca actual | Ubicación en estantería | Fecha de adquisición | Fuente de adquisición | Total de préstamos | Signatura topográfica completa | Código de barras | Visto por última vez | Precio de reemplazo | Tipo de ítem Koha |
|---|---|---|---|---|---|---|---|---|---|---|---|---|---|---|
| Biblioteca del Ateneo de Madrid | Biblioteca del Ateneo de Madrid | Depósito 2 | 17/01/2008 | L-19379 | 1012307 | 23/02/2023 | 23/02/2023 | Libro impreso |
